|
|
|
|
| LEADER |
01850nam a2200529 a 4500 |
| 001 |
nkc20142609110 |
| 003 |
CZ PrNK |
| 005 |
20170601133200.0 |
| 007 |
ta |
| 008 |
140715s2013 xr a f 001 0 cze |
| 015 |
|
|
|a cnb002609110
|
| 020 |
|
|
|a 978-80-210-6620-5
|q (brož.)
|
| 035 |
|
|
|a (OCoLC)890261804
|
| 040 |
|
|
|a BOA001
|b cze
|d ABA001
|d OLA001
|
| 041 |
0 |
|
|a cze
|b eng
|
| 072 |
|
7 |
|a 37.09
|x Organizace výuky a vzdělávání
|2 Konspekt
|9 22
|
| 080 |
|
|
|a 37.091.12
|2 MRF
|
| 080 |
|
|
|a 37.091.321
|2 MRF
|
| 080 |
|
|
|a 37.091.12-027.22
|2 MRF
|
| 080 |
|
|
|a 331.546
|2 MRF
|
| 080 |
|
|
|a (048.8:082)
|2 MRF
|
| 100 |
1 |
|
|a Švec, Vlastimil,
|d 1947-
|7 jk01131882
|4 aut
|
| 245 |
1 |
0 |
|a Učitel v teorii a praxi /
|c Vlastimil Švec, Jarmila Bradová et al.
|
| 250 |
|
|
|a 1. vyd.
|
| 260 |
|
|
|a Brno :
|b Masarykova univerzita,
|c 2013
|
| 300 |
|
|
|a 163 s. :
|b il. ;
|c 21 cm
|
| 500 |
|
|
|a Na obálce nad názvem: Specifický pedagogický výzkum
|
| 500 |
|
|
|a 100 výt.
|
| 504 |
|
|
|a Obsahuje bibliografii, bibliografické odkazy a rejstřík
|
| 546 |
|
|
|a Anglické resumé
|
| 650 |
0 |
7 |
|a učitelská profese
|7 ph126981
|2 czenas
|
| 650 |
0 |
7 |
|a pedagogické dovednosti
|7 ph157201
|2 czenas
|
| 650 |
0 |
7 |
|a profesní kompetence
|7 ph136580
|2 czenas
|
| 650 |
0 |
7 |
|a pedagogická praxe
|7 ph124011
|2 czenas
|
| 650 |
0 |
9 |
|a teacher career
|2 eczenas
|
| 650 |
0 |
9 |
|a teaching skills
|2 eczenas
|
| 650 |
0 |
9 |
|a vocational qualifications
|2 eczenas
|
| 650 |
0 |
9 |
|a practice teaching
|2 eczenas
|
| 655 |
|
7 |
|a kolektivní monografie
|7 fd501537
|2 czenas
|
| 655 |
|
9 |
|a collective monographs
|2 eczenas
|
| 700 |
1 |
|
|a Bradová, Jarmila
|7 mzk2012704655
|4 aut
|
| 910 |
2 |
|
|a BOA001
|b 2-1329.702
|
| 928 |
9 |
|
|a Munipress
|
| 990 |
|
|
|a BK
|
| 995 |
|
|
|a 01
|
| 991 |
|
|
|b 201408
|e n
|j 371 ŠVE
|
| 996 |
6 |
|
|b 2610597892
|c 2-1329.702
|l MZK
|r Sklad / do 1 hodiny
|n 14
|p p.v.
|w 001440502
|u 000010
|a 1
|e BOA001
|j MZK50
|s P
|